01744nam a2200157Ia 4500008004100000020001500041050002200056100002900078245009100107260003200198300003200230500009000262505115000352650004901502700003501551120626s1987 mx a 000 0 spa d a9682421829 aRC386 bH288 1987 aHarmony, Thalíaeautor aDaño cerebralb: Diagnóstico y tratamiento c/ Thalía Harmony; Alcaraz Victor M. aMéxicob: Trillasc, 1987 a376 páginasb: gráficos aIncluye: Indice de contenido, Introducción, Indice onomástico, Indice analítico aPrimera Parte. Conceptos básicos Maduración neurológica Conceptos básicos sobre hiperquinesis infantil Correlación clínico- anglográfica en el accidente vascular encefálico oclusivo Segunda Parte. Evaluación electrofisiológica Evlauación electrofisiológica del daño cerebral Integración cerebral del sueño normal y patológico: hipnografía Fundamentos estadísticos de la neurometría Evaluación neurométrica de pacientes neurológicos Evaluación neurométrica de las disfunciones cognitivas Evaluación del daño cerebral: aspectos neuropsicológicos La batería de test de Tartú modificada en la detección de daño cerebral. Un estudio clínico experimental Cuarta Parte. Técnicas de tratamiento El EDTA en el tratamiento del accidente vascular encefálico oclusivo El concepto de aferentación en retorno y la recuperación de funciones perdidas por daño cerebral Análisis del efecto placebo Procedimientos de observación conductual para la determinación de deficiencias La intervención conductual en el tratamiento de la hiperactividad  0aDAÑO CEREBRALxDIAGNÓSTICO Y TRATAMIENTO aAlcaraz Víctor Manueleautor